000 00218nam a22000857a 4500
008 160716b xxu||||| |||| 00| 0 eng d
100 _92967
_a Bronte, C
245 _aJane Eyre
260 _aNew Delhi
_bOrient Publication
_c2004
999 _c2530
_d2530